000 00735nam a22002177a 4500
003 UA-OsUOA
001 78770
007 ta
008 20111020b un ||||| |||| 00| 0 ukr d
100 _aКорольчук Л.
090 _a330(477)
_bК68
942 _cSA
040 _aUA-OsUOA
_bukr
_cUA-OsUOA
_dUA-OsUOA
245 _aТеоретичні основи та організаційні аспекти забезпечення конкурентоспроможності економіки транскордонного регіону
300 _aС.36-39
955 _a0
041 _aukr
080 _a330(477)
773 0 _w78762
_tЕкономіст
_dК.
_d2011
_g9
650 7 _a330 Економіка взагалі
_2UDC
999 _c365085
_d365085